Keeping brownfield green (Record no. 78283)

MARC details
000 -LEADER
fixed length control field 00910cab a2200181 4500
001 - CONTROL NUMBER
control field ##L136425
008 - FIXED-LENGTH DATA ELEMENTS--GENERAL INFORMATION
fixed length control field 070130n2007 000 0 eng u
035 ## - SYSTEM CONTROL NUMBER
System control number (Sirsi) u136425
041 0# - LANGUAGE CODE
Language code of text/sound track or separate title eng
245 00 - TITLE STATEMENT
Title Keeping brownfield green
260 ## - PUBLICATION, DISTRIBUTION, ETC.
Date of publication, distribution, etc. 2007
490 #0 - SERIES STATEMENT
Series statement Building Engineer
Volume/sequential designation 82(1) January 2007, 16-17(2)
520 ## - SUMMARY, ETC.
Summary, etc. Discusses the challenges of developing brownfield sites rich in wildlife and looks at the practice of designing for biodiversity. Outlines the benefits of green and brown roofs, including the fact that their load values compare favourably with other roofing types. Also shows how green walls, a living cladding system using climbing plants, can provide a good opportunity for wildlife. Concludes by highlighting best practice resources.
590 ## - LOCAL NOTE (RLIN)
Local note KA
651 #4 - SUBJECT ADDED ENTRY--GEOGRAPHIC NAME
Geographic name United Kingdom
Chronological subdivision
690 ## - LOCAL SUBJECT ADDED ENTRY--TOPICAL TERM (OCLC, RLIN)
Topical term or geographic name as entry element PROPERTY-PROPERTY DEVELOPMENT-SUSTAINABLE PROPERTY DEVELOPMENT
942 ## - ADDED ENTRY ELEMENTS (KOHA)
Suppress in OPAC 0
Holdings
Withdrawn status Lost status Source of classification or shelving scheme Damaged status Not for loan Home library Current library Shelving location Date acquired Total Checkouts Full call number Barcode Date last seen Copy number Price effective from Koha item type
    Dewey Decimal Classification     London London Journal article 30/01/2007   L136425 136425-1001 06/08/2019 1 06/08/2019 Journal article